| 000 | 00469nam a22001577a 4500 | ||
|---|---|---|---|
| 005 | 20241212120700.0 | ||
| 008 | 241212b |||||||| |||| 00| 0 eng d | ||
| 020 | _a9780073041506 | ||
| 050 |
_aQH308.2 _b.M363 |
||
| 100 | _aMader, Sylvia S. | ||
| 245 |
_aInquiry into Life _cSylvia S. Mader |
||
| 250 | _a11th edition | ||
| 260 |
_aBoston _bMcGraw-Hill Higher education _c2006 |
||
| 300 |
_axvi. various paging _bill. map. some color _c28cm |
||
| 942 |
_2lcc _cBK _e11th ed. _n0 |
||
| 999 |
_c2104 _d2104 |
||